100 Biggest Cities in the Western United States in 1920 on a Map - Statistics

General Stats
  • This quiz has been taken 248 times
  • The average score is 46 of 100
Answers on the Map
Answers color-coded by a green-red scale on the quiz's map according to % correct below.
 
Answer Stats
Population State City % Correct
256,491 CO Denver
97%
576,673 CA Los Angeles
97%
506,676 CA San Francisco
96%
315,312 WA Seattle
96%
118,110 UT Salt Lake City
95%
29,053 AZ Phoenix
94%
83,327 HI Honolulu
92%
258,288 OR Portland
92%
74,683 CA San Diego
92%
15,157 NM Albuquerque
90%
21,393 ID Boise
90%
65,908 CA Sacramento
89%
12,016 NV Reno
85%
20,292 AZ Tucson
85%
7,236 NM Santa Fe
84%
39,642 CA San Jose
83%
30,105 CO Colorado Springs
82%
216,261 CA Oakland
82%
13,829 WY Cheyenne
79%
45,086 CA Fresno
78%
12,037 MT Helena
76%
104,437 WA Spokane
76%
7,795 WA Olympia
73%
17,679 OR Salem
73%
15,100 MT Billings
71%
96,965 WA Tacoma
69%
18,638 CA Bakersfield
67%
55,593 CA Long Beach
67%
10,593 OR Eugene
66%
10,303 UT Provo
63%
11,006 CO Boulder
62%
19,441 CA Santa Barbara
62%
12,637 WA Vancouver
59%
32,804 UT Ogden
58%
18,721 CA San Bernardino
58%
19,341 CA Riverside
57%
11,447 WY Casper
56%
40,296 CA Stockton
56%
10,431 HI Hilo
53%
12,668 MT Missoula
51%
15,252 CA Santa Monica
51%
15,485 CA Santa Ana
49%
56,036 CA Berkeley
48%
12,923 CA Eureka
48%
45,354 CA Pasadena
48%
8,064 ID Idaho Falls
47%
43,050 CO Pueblo
45%
8,665 CO Grand Junction
44%
41,611 MT Butte
43%
18,539 WA Yakima
43%
9,241 CA Modesto
42%
8,755 CO Fort Collins
41%
6,447 ID Coeur d'Alene
40%
7,033 NM Roswell
40%
8,758 CA Santa Rosa
38%
27,644 WA Everett
36%
10,917 CA Santa Cruz
36%
24,121 MT Great Falls
35%
25,585 WA Bellingham
34%
7,621 ID Nampa
34%
15,503 WA Walla Walla
34%
15,001 ID Pocatello
33%
13,536 CA Glendale
31%
6,757 CA Napa
31%
14,027 OR Astoria
30%
9,439 UT Logan
29%
10,958 CO Greeley
28%
7,280 CA Ontario
28%
8,324 ID Twin Falls
28%
16,843 CA Richmond
26%
9,339 CA Chico
25%
21,107 CA Vallejo
25%
28,806 CA Alameda
21%
6,574 ID Lewiston
21%
13,505 CA Pomona
20%
9,175 WY Sheridan
20%
6,456 WY Rock Springs
18%
15,337 WA Aberdeen
17%
8,918 WA Bremerton
17%
10,385 CA Venice
17%
6,324 WA Wenatchee
17%
9,916 AZ Douglas
15%
11,668 MT Anaconda
14%
7,549 WA Centralia
14%
7,937 MT Miles City
14%
10,906 CO Trinidad
14%
9,205 AZ Bisbee
13%
7,387 OR Pendleton
13%
9,571 CA Redlands
13%
7,729 OR Baker City
12%
7,044 AZ Globe
12%
6,323 WA Puyallup
12%
6,913 OR La Grande
11%
7,997 CA Whittier
11%
9,096 CA Alhambra
10%
6,415 CO Sterling
10%
10,058 WA Hoquiam
9%
6,311 MT Livingston
8%
6,689 AZ Miami
8%
7,652 CA South Pasadena
8%
No matching quizzes found
Score Distribution
Percent of People with Each Score
Percentile by Number Answered
Your Score History
You have not taken this quiz